| 000 | 00697nam a2200241Ia 4500 | ||
|---|---|---|---|
| 005 | 20251020182612.0 | ||
| 008 | 200515s9999 xx 000 0 und d | ||
| 082 | _aSC/678.04+691.6/P87 | ||
| 110 | _aProductos Elásticos para la Construcción | ||
| 245 | 0 | _aSólo lo mejor para su construcción | |
| 260 | _aLima | ||
| 260 | _c1992 | ||
| 300 | _a104 | ||
| 520 | _aCatálogo de productos que ofrece la Compañía PECORA, lacas, mortero epóxido, selladores, aditivos, impermeabilizantes, etc. | ||
| 650 | _aACELERANTES | ||
| 650 | _aADITIVOS | ||
| 650 | _aCATALOGOS | ||
| 650 | _aIMPERMEABILIZANTES | ||
| 650 | _aLACAS | ||
| 650 | _aMANUALES | ||
| 650 | _aSELLADORES | ||
| 942 | _cLIB | ||
| 999 |
_c3371 _d3371 |
||